000 00640nam a2200205Ia 4500
003 GCL
008 140319s9999 xx 000 0 ara d
040 _aGCL /
_cGCL
082 0 4 _a692
_bم.ش
100 1 _aمحمد ماجد عباس خلوصى
245 1 0 _aشموع فى طريق حل مشكلة الاسكان /
_cمحمد ماجد عباس خلوصى
260 _a[S.N] :
_bلجنة الاعلام والدراسات المستقبلية ،
_c1991
300 _a376 ص
490 _a
650 0 4 _aالمبانى
650 0 4 _aالمساكن
650 0 4 _aالابواب
650 0 4 _aمواد البناء
942 _2ddc
_cBK
999 _c52539
_d52539